Online katalóg knižníc regiónu Turca

Rozvedené (Record no. 22211)

MARC details
000 -LEADER
fixed length control field 01519cam a2200433 a 4500
001 - CONTROL NUMBER
control field 22211
003 - CONTROL NUMBER IDENTIFIER
control field VRT
005 - DATE AND TIME OF LATEST TRANSACTION
control field 20260323133743.0
008 - FIXED-LENGTH DATA ELEMENTS--GENERAL INFORMATION
fixed length control field 240314s2013 xo g 000 f slo
015 ## - NATIONAL BIBLIOGRAPHY NUMBER
National bibliography number SNBA2013/08
020 ## - INTERNATIONAL STANDARD BOOK NUMBER
International Standard Book Number 9788080897284
Qualifying information (viaz.)
035 ## - SYSTEM CONTROL NUMBER
System control number 4933C01C-100F-4443-89E3-E15DEFD390BF
035 ## - SYSTEM CONTROL NUMBER
System control number urn:nbn:sk:snk-amjnhn
035 ## - SYSTEM CONTROL NUMBER
System control number urn:nbn:sk:snk-am001tf7
039 #9 - LEVEL OF BIBLIOGRAPHIC CONTROL AND CODING DETAIL [OBSOLETE]
Level of rules in bibliographic description 202403141604
Level of effort used to assign nonsubject heading access points VLOAD
Level of effort used to assign subject headings 202310241422
Level of effort used to assign classification AUTHORITY
Level of effort used to assign subject headings 201604301127
Level of effort used to assign classification VLOAD
Level of effort used to assign subject headings 201510020735
Level of effort used to assign classification mskpk06
040 ## - CATALOGING SOURCE
Original cataloging agency PPPK
Language of cataloging slo
Transcribing agency PPPK
Modifying agency SNK
Description conventions AACR2
041 0# - LANGUAGE CODE
Language code of text/sound track or separate title slo
044 ## - COUNTRY OF PUBLISHING/PRODUCING ENTITY CODE
MARC country code xo
ISO country code SK
072 #7 - SUBJECT CATEGORY CODE
Subject category code 821.162.4-3
Subject category code subdivision Slovenská próza
Source konspekt
080 ## - UNIVERSAL DECIMAL CLASSIFICATION NUMBER
Universal Decimal Classification number 821.162.4-31
Edition identifier 2001
100 1# - MAIN ENTRY--PERSONAL NAME
Personal name Havranová, Ivana,
Dates associated with a name 1952-
Relationship aut
245 10 - TITLE STATEMENT
Title Rozvedené
Statement of responsibility, etc. Ivana Havranová
250 ## - EDITION STATEMENT
Edition statement 1. vyd.
260 ## - PUBLICATION, DISTRIBUTION, ETC.
Place of publication, distribution, etc. Bratislava
Name of publisher, distributor, etc. Fragment
Date of publication, distribution, etc. 2013
300 ## - PHYSICAL DESCRIPTION
Extent 166 s.
Dimensions 22 cm
490 1# - SERIES STATEMENT
Series statement Čítanie pre radosť a poučenie
655 #7 - INDEX TERM--GENRE/FORM
Genre/form data or focus term slovenské romány
Source of term SNKPH
655 #7 - INDEX TERM--GENRE/FORM
Genre/form data or focus term Slovak fiction
Source of term SNKPHeng
830 #0 - SERIES ADDED ENTRY--UNIFORM TITLE
Uniform title Čítanie pre radosť a poučenie
910 ## - USER-OPTION DATA (OCLC)
User-option data skpk
942 ## - ADDED ENTRY ELEMENTS (KOHA)
Source of classification or shelving scheme Dewey Decimal Classification
Koha item type Krásna literatúra pre dospelých
Suppress in OPAC No
949 ## - LOCAL PROCESSING INFORMATION (OCLC)
6 273K0564005
a svkpoB 90687
b svkpo565975
949 ## - LOCAL PROCESSING INFORMATION (OCLC)
6 270001000416533
a svkbbA 138827
b svkbbm 737449
949 ## - LOCAL PROCESSING INFORMATION (OCLC)
6 17A1080223
a snkSC 155396
b snk2013/16790
o 1695/13
949 ## - LOCAL PROCESSING INFORMATION (OCLC)
6 17A1080224
a snkSC 155396 D1
b snk2013/16791
o 1695/13
s 6100:20140925
949 ## - LOCAL PROCESSING INFORMATION (OCLC)
6 2889201887
a savukPV 18075
b savuk2013/2931
949 ## - LOCAL PROCESSING INFORMATION (OCLC)
6 3869A11771
a bpksh821.162.4-31
b bpksh65020
Holdings
Stav vyradenia Strata Poškodenie Spôsob nadobudnutia Domovská knižnica Aktuálna knižnica Dátum nadobudnutia Cena Total checkouts Čiarový kód exemplára Date last seen Typ exemplára
      Kúpa Obecná knižnica Horná Štubňa Obecná knižnica Horná Štubňa 23.03.2026 9.00   9788080897284 23.03.2026 Krásna literatúra pre dospelých
Projekt je podporený Slovenskou asociáciou knižníc
Prevádzkuje Turčianska knižnica Martin 2026